Diccionario revisado : Inglés-Español y Español-Inglés de Appleton. /

Guardado en:
Autor Principal: Cuyás, Arturo, 1845-1925. [from old catalog]
Formato: Libro
Idioma:English
Spanish
Publicado: New York : Appleton-Century-Crofts 1953.
Edición:4th ed.
Materias:
Etiquetas: Agregar Etiqueta
Sin Etiquetas, Sea el primero en etiquetar este registro!
LEADER 00854cam a2200217u 4500
001 MAT.inmabb007098
008 810312n1956####nyu######d####000#0#eng##
005 20180405122744.0
245 1 0 |a Diccionario revisado :  |b Inglés-Español y Español-Inglés de Appleton. /  |c Arturo Cuyas. 
250 |a 4th ed. 
260 |a New York :  |b Appleton-Century-Crofts 1953. 
300 |a 697 p. ;  |c 21 cm. 
500 |a Corregido y aumentado por Lewis E. Brett (Parte I) y Helen S. Eaton (Parte II). 
501 |a Appleton's revised English-Spanish and Spanish-English dictionary,. 
100 1 |a Cuyás, Arturo,  |d 1845-1925. [from old catalog] 
650 0 |a English language  |v Dictionaries  |x Spanish. 
650 0 |a Spanish language  |v Dictionaries  |x English. 
010 |a  52013878  
040 |a DLC  |c CarP  |d DLC 
041 0 |a eng  |a spa 
859 |h IDIOMAS  |i C993  |p A-182  |b BIB. MATEMATICA